000 00223nam a22001097a 4500
008 180807b xxu||||| |||| 00| 0 eng d
082 _a813.52
245 _aQuicker
260 _c2002
300 _a1
_fCD
942 _2ddc
_cMX
999 _c46910
_d46910